Statistics for Biggest Metropolitan Cities in China

Click here to take the quiz!

General Stats

  • This quiz has been taken 45 times
  • The average score is 40 of 149

Answer Stats

Population (2024)City% Correct
22,366,000Beijing
100%
41,354,000Shanghai
100%
65,594,000Guangzhou
95%
12,326,000Wuhan
95%
11,904,000Xi'an
95%
15,032,000Chengdu
88%
16,045,000Tianjin
88%
11,936,000Hangzhou
85%
9,648,000Nanjing
85%
12,543,000Xiamen
85%
4,054,000Ürümqi
83%
22,251,000Chongqing
80%
5,842,000Harbin
78%
7,172,000Qingdao
78%
10,239,000Changsha
73%
5,736,000Dalian
73%
4,197,000Fuzhou
70%
8,192,000Shenyang
68%
3,604,000Wenzhou
68%
8,460,000Kunming
63%
5,977,000Nanning
63%
12,388,000Shantou
63%
10,260,000Zhengzhou
63%
7,754,000Hefei
60%
5,452,000Jinan
60%
9,618,000Ningbo
60%
5,019,000Changchun
50%
5,324,000Suzhou
48%
3,475,000Lanzhou
45%
7,056,000Shijiazhuang
45%
5,433,000Taiyuan
45%
3,129,000Zibo
43%
5,987,000Guiyang
40%
2,944,000Hohhot
40%
3,930,000Nanchang
40%
2,046,000Haikou
38%
6,321,000Luoyang
38%
6,968,000Yantai
38%
9,017,000Baoding
30%
2,709,000Baotou
30%
2,360,000Guilin
30%
3,652,000Linyi
30%
3,687,000Tangshan
30%
2,859,000Yinchuan
30%
3,033,000Huainan
28%
2,152,000Liuzhou
28%
2,539,000Maoming
28%
2,162,000 | 4,512,000Taizhou
28%
3,644,000Wuhu
28%
2,712,000Anshan
25%
1,406,000Qiqihar
25%
3,135,000Xuzhou
25%
2,137,000Zhangjiakou
25%
2,829,000Huai'an
23%
4,469,000Ji'an
23%
1,652,000Kaifeng
23%
2,511,000Weifang
23%
1,955,000Xining
23%
1,931,000Zhanjiang
23%
1,421,000Cangzhou
20%
1,290,000Hengyang
20%
2,306,000Putian
20%
1,860,000Yiwu
20%
1,416,000Anyang
18%
1,469,000Changde
18%
1,754,000Daqing
18%
1,336,000Bengbu
15%
1,175,000Chifeng
15%
2,588,000Ganzhou
15%
4,012,000Handan
15%
3,160,000Leshan
15%
1,936,000Nanchong
15%
1,615,000Yancheng
15%
2,297,000Anshun
13%
2,837,000Heyuan
13%
1,464,000Jinhua
13%
1,415,000Jiuquan
13%
1,631,000Kashgar
13%
1,241,000Luzhou
13%
2,935,000Shanwei
13%
1,028,000Shaoguan
13%
2,906,000Weihai
13%
3,897,000Xiangtan
13%
3,811,000Zhenjiang
13%
1,157,000Zhoushan
13%
1,188,000Binzhou
10%
1,647,000Fuxin
10%
2,128,000Fuyang
10%
2,305,000Guangyuan
10%
1,068,000Jingzhou
10%
1,518,000Jining
10%
1,210,000Lianyungang
10%
1,752,000Lu'an
10%
2,232,000Mianyang
10%
2,085,000Nanyang
10%
1,400,000Qinzhou
10%
1,432,000Qujing
10%
1,293,000Shangrao
10%
1,574,000Suihua
10%
1,735,000Tai'an
10%
2,319,000Xiangyang
10%
2,743,000Xinxiang
10%
1,265,000Xuchang
10%
1,292,000Yangjiang
10%
1,536,000Yichang
10%
1,162,000Yingkou
10%
1,134,000Yueyang
10%
1,226,000 | 2,341,000Yulin
10%
1,025,000Zhumadian
10%
1,725,000Zunyi
10%
1,064,000Bazhong
8%
1,383,000Bijie
8%
1,342,000Chizhou
8%
1,850,000Dazhou
8%
1,189,000Dongying
8%
1,346,000Heze
8%
1,016,000Huzhou
8%
3,623,000Jilin City
8%
1,669,000Jingdezhen
8%
1,326,000Luohe
8%
1,859,000Shangqiu
8%
1,814,000Siping
8%
1,873,000Suizhou
8%
1,398,000Xinyang
8%
1,475,000Baoji
5%
1,688,000Changzhi
5%
3,456,000Dali City
5%
1,084,000Hanzhong
5%
5,882,000Huanggang
5%
1,252,000Huludao
5%
2,814,000Jiujiang
5%
1,229,000Liaocheng
5%
2,955,000Meishan
5%
1,179,000Neijiang
5%
2,153,000Ordos City
5%
1,199,000Shizuishan
5%
1,862,000Weinan
5%
2,658,000Xianning
5%
2,158,000Yibin
5%
1,124,000Yingtan
5%
1,146,000Yongzhou
5%
1,476,000Zhangjiajie
5%
1,082,000Hengshui
3%
1,067,000Jincheng
3%
1,428,000Shiyan
3%
2,302,000Suqing
3%
1,037,000Yangquan
3%

Score Distribution

Percentile by Number Answered

Percent of People with Each Score

Your Score History

You have not taken this quiz